000 00294nam a22001337a 4500
082 _a494
_bBHA/R
100 _aBHACHOTHIYA,HARILAL
245 _aRAJBHASHA HINDI AUR USKA VIKAS
250 _aFIRST
260 _aDELHI
_bARYA PRAKASHAN
300 _a134
650 _aLETTERS
_zDELHI
942 _cBK
999 _c4505
_d4505